00000000nas 2200000zi 4500
0019.947653
003CaOODSP
00520250203151240
006m     o  d f      
007cr cn ||||||||
008250203c20249999bcc x m o    f0###a0eng|d
022 |a2818-4629
040 |aCaOODSP|beng|erda|cCaOODSP
043 |an-cn-bc
0861 |aFS143-5E-PDF
1300 |aTechnical bulletin (Salmon Habitat Restoration Center of Expertise (Canada))
222 0|aTechnical bulletin |b(Salmon Habitat Restoration Center of Expertise)
24510|aTechnical bulletin / |cSalmon Habitat Restoration Center of Expertise.
2463 |aSalmon Habitat Restoration Center of Expertise technical bulletin
24613|aSalmon habitat restoration technical bulletin series
24613|aSHR-COE technical bulletin
264 1|a[Vancouver] : |bFisheries and Oceans Canada = Pêches et océans Canada, |c[2024]-
310 |aIrregular
336 |atext|btxt|2rdacontent
337 |acomputer|bc|2rdamedia
338 |aonline resource|bcr|2rdacarrier
3621 |aBegan with: Vol. 1 (June 2024).
588 |aDescription based on: Vol. 1 (June 2024); title from PDF caption.
588 |aLatest issue consulted: Vol. 2 (January 2025).
650 0|aPacific salmon|xHabitat|xConservation|zBritish Columbia.
650 0|aPacific salmon fisheries|zBritish Columbia|xManagement.
650 6|aSaumons du Pacifique|xHabitat|xConservation|zColombie-Britannique.
650 6|aSaumons du Pacifique|xPêche commerciale|zColombie-Britannique|xGestion.
7101 |aCanada. |bDepartment of Fisheries and Oceans. |bPacific Region, |eissuing body.
7102 |aSalmon Habitat Restoration Center of Expertise (Canada), |eissuing body.